000 00829nam a22002657a 4500
001 BR2011000073
003 BR-BrBNA
005 20230928103439.0
007 ta
008 230509b bl.||||| |||| 00| 0 por d
040 _aBR-BrBNA
_bpor
_cBiblioteca Nacional de Agricultura
041 _a(Por)
072 _aE20
090 _ E20 BR2011000073
110 1 _aMinistèrio da Agricultura, Pecuária e Abastecimento, Brasília, DF (Brasil). Secretaria de Política Agrícola
245 1 _aPrograma de subvenção ao prêmio do seguro rural; relatório 2009
260 3 _aBrasília, DF (Brasil):
_c2010.
300 _a46 p.
650 _aSEGURO RURAL
650 _aPOLÍTICA AGRÍCOLA
650 _aDESENVOLVIMENTO SUSTENTÁVEL
650 _aDADOS ESTATÍSTICOS
909 _a202309
_bLucia
_c55
_dLucia Elande
942 _cBK
999 _c75162
_d75162